| 000 | 00471nam a22001697a 4500 | ||
|---|---|---|---|
| 003 | OSt | ||
| 005 | 20140310182034.0 | ||
| 008 | 130815t xxu||||| |||| 00| 0 eng d | ||
| 050 |
_aBL 535 _b.M66 1978 |
||
| 082 |
_aHS _b236.2 M72 1978 |
||
| 100 |
_aMoody, Raymond A _910583 |
||
| 245 |
_aReflection on life after life / _cby Raymond A. Moody |
||
| 260 |
_aHarrisburg, Pa. : _bStackpole Books, _cc1977. |
||
| 300 |
_a140 p. : _c18 cm. |
||
| 942 |
_2lcc _cHS |
||
| 999 |
_c8653 _d8653 |
||